000
00252nam a22001097a 4500
082
_a
MOH
100
_a
Mohammad Laiq Zardari
245
_a
Tahreek Pakistan main Sindh jo hiso
260
_a
Moro
_b
Kazi Muhammad Qazi
_c
1984
300
_a
150
942
_c
BK
999
_c
12829
_d
12829